Iblis dan saudagar Raof (Record no. 86518)

MARC details
000 -LEADER
fixed length control field 00752nam a2200265 i 4500
001 - CONTROL NUMBER
control field C2-0279916
003 - CONTROL NUMBER IDENTIFIER
control field PPAK
005 - DATE AND TIME OF LATEST TRANSACTION
control field 20180728011021.0
008 - FIXED-LENGTH DATA ELEMENTS--GENERAL INFORMATION
fixed length control field 070530s2002 my a|||| ||||| | may d
020 ## - INTERNATIONAL STANDARD BOOK NUMBER
International Standard Book Number 9838323403 ; 9789838323406
040 ## - CATALOGING SOURCE
Original cataloging agency PPAK
Language of cataloging eng
Transcribing agency PPAK
Description conventions rda
082 04 - DEWEY DECIMAL CLASSIFICATION NUMBER
Classification number 499.2386
Edition number 23
090 00 - LOCALLY ASSIGNED LC-TYPE CALL NUMBER (OCLC); LOCAL CALL NUMBER (RLIN)
Classification number (OCLC) (R) ; Classification number, CALL (RLIN) (NR) 499.2386
Feature heading AME
Feature heading K
100 0# - MAIN ENTRY--PERSONAL NAME
Personal name Amer Haji Mat Som,
Relator term author
245 10 - TITLE STATEMENT
Title Iblis dan saudagar Raof
264 #1 - PRODUCTION, PUBLICATION, DISTRIBUTION, MANUFACTURE, AND COPYRIGHT NOTICE
Place of production, publication, distribution, manufacture Kuala Lumpur :
Name of producer, publisher, distributor, manufacturer Pustaka Printis ,
Date of production, publication, distribution, manufacture, or copyright notice 2002
300 ## - PHYSICAL DESCRIPTION
Extent 22 pages :
Other physical details illustrations ;
Dimensions 22 cm
336 ## - CONTENT TYPE
Source rdacontent
Content type term text
337 ## - MEDIA TYPE
Source rdamedia
Media type term unmediated
338 ## - CARRIER TYPE
Source rdacarrier
Carrier type term volume
490 1# - SERIES STATEMENT
Series statement Siri cabaran iman
650 10 - SUBJECT ADDED ENTRY--TOPICAL TERM
Topical term or geographic name entry element Bahasa Malaysia - Readers.
830 #0 - SERIES ADDED ENTRY--UNIFORM TITLE
Uniform title Siri cabaran iman
942 ## - ADDED ENTRY ELEMENTS (KOHA)
-- dc
Koha item type Book
Holdings
Withdrawn Not for loan Current library Shelving location Date acquired Total Checkouts Full call number Barcode Date last seen Date last checked out Koha item type Total Renewals
    Perpustakaan Alor Setar Pinjaman Kanak-kanak 30/05/2007 1 K 499.2386 AME A01172213 27/07/2019 13/07/2019 Book  
    Perpustakaan Awam Sungai Petani Pinjaman Kanak-kanak 30/05/2007   K 499.2386 AME A01172214 09/05/2018   Book  
    Perpustakaan Baling Pinjaman Kanak-kanak 30/05/2007   K 499.2386 AME A01172220 09/05/2018   Book  
    Perpustakaan Jitra Pinjaman Kanak-kanak 30/05/2007   K 499.2386 AME A01172215 09/05/2018   Book  
    Perpustakaan Kuala Kedah Pinjaman Kanak-kanak 01/08/2007   K 499.2386 AME A01194017 09/05/2018   Book  
    Perpustakaan Langkawi Pinjaman Kanak-kanak 30/05/2007 2 K 499.2386 AME A01172216 28/12/2020 06/12/2020 Book 1
    Perpustakaan Sik Pinjaman Kanak-kanak 30/05/2007   K 499.2386 AME A01172219 09/05/2018   Book  
    Perpustakaan Yan Pinjaman Kanak-kanak 30/05/2007 3 K 499.2386 AME A01172218 20/03/2025 13/03/2025 Book  
    PD02, Kg. Banggol Besi, Pendang Pinjaman Kanak-kanak 01/08/2007   K 499.2386 AME A01193984 09/05/2018   Book  
    PD03, Kg. Pulau Pisang, Jitra Pinjaman Kanak-kanak 01/08/2007   K 499.2386 AME A01193985 09/05/2018   Book  
    PD06, Kg. Kepala Bukit, Pendang Pinjaman Kanak-kanak 01/08/2007   K 499.2386 AME A01193988 09/05/2018   Book  
    PD11, Felda Teloi Kanan, Kuala Ketil Pinjaman Kanak-kanak 01/08/2007   K 499.2386 AME A01193993 09/05/2018   Book  
    PD12, Kg. Padang, Baling Pinjaman Kanak-kanak 01/08/2007   K 499.2386 AME A01193994 09/05/2018   Book  
    PD15, Kg. Naga, Kepala Batas Pinjaman Kanak-kanak 01/08/2007   K 499.2386 AME A01193997 09/05/2018   Book  
    PD18, Kg. Wang Tepus, Jitra Pinjaman Kanak-kanak 01/08/2007   K 499.2386 AME A01194000 09/05/2018   Book  
    PD23, Taman Mas Merah, Titi Gajah, Alor Setar Pinjaman Kanak-kanak 01/08/2007   K 499.2386 AME A01194005 09/05/2018   Book  
    PD24, Felda Bukit Tangga, Bukit Kayu Hitam Pinjaman Kanak-kanak 01/08/2007   K 499.2386 AME A01194006 09/05/2018   Book  
    PD25, KEDA Batu 13, Pokok Sena Pinjaman Kanak-kanak 01/08/2007   K 499.2386 AME A01194007 09/05/2018   Book  
    PD27, Kg. Bendang Bukit, Pendang Pinjaman Kanak-kanak 01/08/2007   K 499.2386 AME A01194009 09/05/2018   Book  
    PD29, Kg. Gajah Putih, Sik Pinjaman Kanak-kanak 01/08/2007   K 499.2386 AME A01194011 09/05/2018   Book  
    PD30, Bandar Baru Beris Jaya, Sik Pinjaman Kanak-kanak 01/08/2007   K 499.2386 AME A01194012 09/05/2018   Book  
    PD31, Kg. Gelam, Bedong Pinjaman Kanak-kanak 01/08/2007   K 499.2386 AME A01194004 09/05/2018   Book  
    PD37, Kg. Belat, Pendang Pinjaman Kanak-kanak 01/08/2007   K 499.2386 AME A01194015 09/05/2018   Book  
    PD39, Felda Bukit Tembaga, Kuala Nerang Pinjaman Kanak-kanak 01/08/2007   K 499.2386 AME A01194018 09/05/2018   Book